00349nam a2200121 a 4500008004100000020001500041050001800056100001900074245008000093260003100173300001400204350000900218120416s0000 ||||||||||||||||| || u a0333493206 aUG 635.G7 Gol aGollin, Alfred14aThe Impact of air power on the British people and their government, 1909-14 aHampshirebMacmillanc1989 axii, 354p a0.00